000 00434nam a2200181Ia 4500
005 20240823054241.0
008 240823s9999||||xx |||||||||||||| ||und||
041 _aENGLISH
082 _A658.7 N4
100 _aGopalakrishnan P
245 0 _aHandbook of Materials Management
250 _a1st
260 _c1994
_b"PHI,New Delhi"
500 _aYES
650 _aManagement
_bManagement Studies
942 _cBK
999 _c226021
_d226021